Úlohy architektúry v súčasnom systéme rozvoja spoločnosti zborník z vedeckej konferencie so zahraničnou účasťou 16.-17. marec 1993 Bratislava

Salvato in:
Dettagli Bibliografici
Altri autori: Holmanová, Anna
Natura: Libro
Lingua:slovacco
Pubblicazione: Bratislava Slovenská technická univerzita 1993
Edizione:1. vyd.
Soggetti:
Tags: Aggiungi Tag
Nessun Tag, puoi essere il primo ad aggiungerne!!

MARC

LEADER 00000nam a2200000 4500
001 c009424
005 20221214083106.0
041 0 |a slo 
044 |a SK 
245 1 0 |a Úlohy architektúry v súčasnom systéme rozvoja spoločnosti  |b zborník z vedeckej konferencie so zahraničnou účasťou 16.-17. marec 1993 Bratislava  |c hl. zost. Anna Holmanová 
250 |a 1. vyd. 
264 1 |a Bratislava  |b Slovenská technická univerzita  |c 1993 
300 |a 280 s. 
610 2 0 |a architektúra 
610 2 0 |a ekológia 
700 1 |a Holmanová, Anna